000
00198 a2200097 4500
001
1904
100
_a
Lowry, S.M.
245
_a
Time and Motion study
260
_a
_b
Mc Graw
_c
090
_c
1403
_d
1403
942
_a
NUST-CAE
_c
M
_c
4481
999
_c
236977
_d
236977